[Event "EU-chG18"]
[Site "Herceg Novi MNE"]
[Date "2006.09.19"]
[Round "9"]
[White "Domany,Z"]
[Black "Yildiz,B"]
[Result "1/2-1/2"]
[WhiteElo "2172"]
[BlackElo "2212"]

1.e4 c5 2.Nf3 e6 3.d4 cxd4 4.Nxd4 a6 5.Nc3 Qc7 6.g3 Nc6 7.Bg2 Nf6 8.O-O d6
9.Re1 Be7 10.Nxc6 bxc6 11.e5 dxe5 12.Rxe5 O-O 13.Bf4 Bd6 14.Rxe6 Bxf4 15.Rxc6 Qb8
16.gxf4 Bg4 17.Qd3 Nh5 18.Nd5 Qxb2 19.Qc3 Qxc3 20.Rxc3 Ra7 21.Bf3 Bxf3 22.Rxf3 Rc8
23.Rc1 Rc5 24.Re3 Kf8 25.c4 Rd7 26.Rce1 g6 27.Re4 Rd6 28.Kg2 Rdc6 29.Nb4 Rc8
30.Rc1 Ra5 31.Rc3 Ng7 32.Re5 Ra4 33.a3 Ne6 34.Re4 Nc7 35.Rd3 Ne8 36.Red4 a5
37.Nd5 Rcxc4 38.Rxc4 Rxc4 39.Kf3 Kg7 40.Nb6 Rc6 41.Nd5 Nf6 42.Ne3 Rc5 43.Rb3 Nd5
44.Rd3 Nf6  1/2-1/2

[Event "19th Moratalaz Open"]
[Site "Madrid ESP"]
[Date "2006.09.19"]
[Round "2"]
[White "Ramos Rodriguez,F"]
[Black "Ivanovitch Balsinde,N"]
[Result "0-1"]
[WhiteElo "1835"]
[BlackElo "2140"]

1.e4 c5 2.Nf3 e6 3.Nc3 a6 4.d4 cxd4 5.Nxd4 b5 6.a3 Bb7 7.Be3 Qc7 8.Bd3 Nf6
9.h3 d5 10.exd5 Nxd5 11.Nxd5 Bxd5 12.O-O Be7 13.Qg4 Bf6 14.c3 Nd7 15.Nf3 Qb7
16.Bg5 Bxg5 17.Qxg5 Bxf3 18.gxf3 Qxf3 19.Qe3 Qxe3 20.fxe3 Nc5 21.Bc2 Ke7
22.Rf2 Rad8 23.b4 Nd3 24.Re2 Rd5 25.a4 Rc8 26.axb5 axb5 27.Ra7+ Kf8 28.Bxd3 Rxd3
29.Rf2 f6 30.Rg2 g5 31.Rxh7 Rcxc3 32.Ra2 Ra3 33.Rc2 Kg8 34.Rcc7 Ra2 35.Rhg7+ Kf8
36.Rgd7 Rxd7 37.Rxd7 Rb2 38.Rd4 Kf7 39.h4 gxh4 40.Rxh4 e5 41.Rg4 Ke6 42.Rh4 Kd5
43.e4+ Ke6 44.Rh8 Rxb4  0-1

[Event "14th Bora Kostic Mem"]
[Site "Vrsac SCG"]
[Date "2006.09.20"]
[Round "8"]
[White "Delchev,A"]
[Black "Markus,R"]
[Result "1/2-1/2"]
[WhiteElo "2637"]
[BlackElo "2586"]

1.e4 c5 2.Nf3 e6 3.Nc3 a6 4.d4 cxd4 5.Nxd4 b5 6.Bd3 Bb7 7.O-O Nc6 8.Nxc6 Bxc6
9.Qe2 Bc5 10.a4 b4 11.Nd5 Ne7 12.Nxe7 Qxe7 13.Bxa6 Bxe4 14.Qxe4 Rxa6 15.Qb7 Ra5
16.c3 d6 17.Qf3 O-O 18.cxb4 Bxb4 19.Be3 d5 20.Rfc1 Rfa8 21.b3 Bc5 22.Bd2 R5a6
23.Ra2 Bd6 24.Rac2 Qb7 25.a5 e5 26.b4 e4 27.Qf5 g6 28.Rc8+ Bf8 29.Qh3 Re6
30.Rxa8 Qxa8 31.Qc3 Qb7 32.g3 h5 33.Qd4 Bg7 34.Qc5 Bf8 35.Qc8 Qb5 36.a6 e3
37.Bxe3 Qxa6 38.Qxa6 Rxa6 39.Rc8 Kg7 40.Bd4+ f6 41.b5 Ra4 42.Rc7+ Kg8 43.Bxf6 Rb4
44.Rb7 d4 45.Kg2 d3 46.Bg5 Rb2 47.Kf3 d2 48.Ke2 Bb4 49.Rd7 Ba5 50.Bxd2 Bxd2
51.Rxd2 Rxb5 52.Rd7 Rb3 53.Kf1 Ra3 54.Kg2 Rb3 55.h3 Ra3 56.g4 hxg4 57.hxg4 Rb3
58.f3 Ra3 59.Kg3 Ra4 60.Kh4 Ra5 61.f4 g5+ 62.fxg5 Ra6 63.Kh5 Rb6 64.g6 Rb1
65.Re7 Ra1 66.Kg5 Rb1 67.g7 Rb6 68.Kf5 Ra6 69.Ke4  1/2-1/2

[Event "14th Bora Kostic Mem"]
[Site "Vrsac SCG"]
[Date "2006.09.20"]
[Round "8"]
[White "Korneev,O"]
[Black "Spraggett,K"]
[Result "1/2-1/2"]
[WhiteElo "2638"]
[BlackElo "2577"]

1.e4 c5 2.Nf3 e6 3.d4 cxd4 4.Nxd4 a6 5.Nc3 Qc7 6.Bd3 Nf6 7.O-O b5 8.Qe2 Bb7
9.e5 Nd5 10.Nxd5 Bxd5 11.a4 b4 12.Bd2 Nc6 13.Nxc6 Qxc6 14.f3 Be7 15.a5 O-O
16.Kh1 Qb7 17.c4 bxc3 18.bxc3 Bc5 19.Rfb1 Qa7 20.h3 Bc6 21.Bc1 f6 22.exf6 Rxf6
23.Be4 Qc7 24.Bxc6 Qxc6 25.Be3 Rf5 26.Bxc5 Rxc5 27.Rb6 Qc8 28.Ra3 Rxc3 29.Rxc3 Qxc3
30.Rxa6 Rc8 31.Rd6 Qa1+ 32.Kh2 Qxa5 33.Rxd7 Qf5 34.Qe3 Qf6 35.Rd4 Rf8 36.Re4 h6
37.Rxe6 Qf4+ 38.Qxf4 Rxf4 39.Kg3 Ra4 40.f4 Kf7 41.Rb6 Ra2 42.Kf3 Rc2 43.g3 h5
44.g4 Rc3+ 45.Kg2 hxg4 46.hxg4 g6 47.Kf2 Ra3 48.Rb5 Kf6 49.Re5 Ra1 50.Re3 Rb1
51.Rd3 Ra1 52.Rd6+ Kf7 53.Kg3 Ra4 54.Rd7+ Kf8 55.Kf3 Ra1 56.Rd3 Ra4 57.Ke3 g5
58.Rd4 Rxd4 59.Kxd4 gxf4 60.Ke4 Kf7 61.Kxf4  1/2-1/2

[Event "1st TCH-MNE"]
[Site "Herceg Novi MNE"]
[Date "2006.09.22"]
[Round "1"]
[White "Brenjo,S"]
[Black "Rabrenovic,M"]
[Result "1-0"]
[WhiteElo "2490"]
[BlackElo "2341"]

1.e4 c5 2.Nf3 e6 3.d4 cxd4 4.Nxd4 a6 5.Nc3 b5 6.Bd3 Qb6 7.Nb3 Qc7 8.O-O Nf6
9.f4 d6 10.Qe2 Nc6 11.a4 b4 12.Nd1 Be7 13.a5 Bb7 14.Ne3 Nd7 15.Nc4 Bf6 16.Be3 O-O
17.Rad1 e5 18.f5 Nd4 19.Nxd4 exd4 20.Bf4 Be5 21.Nxe5 dxe5 22.Bg5 Rfc8 23.f6 g6
24.Qg4 Nc5 25.Qh4 Ne6 26.Rf3 Kh8 27.Rh3 h5 28.g4  1-0

[Event "Open A"]
[Site "Graz AUT"]
[Date "2006.09.23"]
[Round "8"]
[White "Kokol,P"]
[Black "Fauland,P"]
[Result "1-0"]
[WhiteElo "2165"]
[BlackElo "2216"]

1.e4 c5 2.Nf3 e6 3.d4 cxd4 4.Nxd4 a6 5.Nc3 d6 6.Bc4 Nc6 7.Be3 Nf6 8.Bb3 Be7
9.Qe2 Qc7 10.O-O-O b5 11.Rhg1 Bb7 12.Kb1 Nxd4 13.Bxd4 e5 14.Be3 Rc8 15.f3 b4
16.Nd5 Nxd5 17.Bxd5 O-O 18.g4 a5 19.Bxb7 Qxb7 20.g5 Rfd8 21.Rd5 Qc7 22.Rc1 Ra8
23.h4 a4 24.c3 bxc3 25.Rxc3 Qd7 26.Qh2 a3 27.b3 Rdc8 28.Rdd3 Rxc3 29.Rxc3 Rc8
30.Qc2 Rxc3 31.Qxc3 Qh3 32.Bc1 d5 33.Qxe5 Qxf3 34.Qxd5 h6 35.g6 Qf6 36.h5 Qf1
37.Kc2 Qf2+ 38.Bd2 Bc5 39.b4 Bf8 40.Qxf7+ Qxf7 41.gxf7+ Kxf7 42.Kb3 g5 43.hxg6+ Kxg6
44.Kc4 Bd6 45.Be1  1-0

[Event "1st TCH-MNE"]
[Site "Herceg Novi MNE"]
[Date "2006.09.24"]
[Round "3"]
[White "Kostic,Vl"]
[Black "Vukovic,Zd"]
[Result "0-1"]
[WhiteElo "2433"]
[BlackElo "2402"]

1.e4 c5 2.Nf3 e6 3.d4 cxd4 4.Nxd4 a6 5.Nc3 b5 6.a3 Bb7 7.Bd3 Nc6 8.Nb3 Nf6
9.O-O Be7 10.Be3 d6 11.f4 Qc7 12.Qe2 O-O 13.Rae1 Rfe8 14.Kh1 Bf8 15.Nd1 g6
16.Qd2 Bg7 17.c3 Na5 18.Nxa5 Qxa5 19.Nf2 Qc7 20.f5 exf5 21.exf5 Qc6 22.Nh3 Ng4
23.Bf4 Ne5 24.Be4 d5  0-1

[Event "15th TCh-CRO"]
[Site "Sibenik CRO"]
[Date "2006.09.24"]
[Round "3"]
[White "Vujakovic,B"]
[Black "Jurkovic,H"]
[Result "1/2-1/2"]
[WhiteElo "2388"]
[BlackElo "2438"]

1.e4 c5 2.Nf3 e6 3.d4 cxd4 4.Nxd4 a6 5.Nc3 Qc7 6.Be2 Nc6 7.O-O Nf6 8.Be3 Be7
9.f4 d6 10.a4 O-O 11.Qe1 Re8 12.Qg3 Nxd4 13.Bxd4 e5 14.fxe5 dxe5 15.a5 Bc5
16.Bxc5 Qxc5+ 17.Kh1 Qc6 18.Ra4 b5 19.axb6 Qxb6 20.Bc4 Bb7 21.Raa1 Rad8 22.Rae1 Re7
23.b3 Rd4 24.Nd5 Nxd5 25.exd5 Qd6 26.c3 Rd2 27.Qe3 Rc2 28.Qd3 Rb2 29.Re3 g6
30.Qd1 Qc5 31.Rfe1 Qd6 32.Rf1 Qc5 33.Rfe1 Qd6 34.Rf1  1/2-1/2

[Event "Tatry Open"]
[Site "Tatranske Zruby SVK"]
[Date "2006.09.25"]
[Round "3"]
[White "Giertli,V"]
[Black "Dobrovolsky,L"]
[Result "0-1"]
[WhiteElo "2194"]
[BlackElo "2376"]

1.e4 c5 2.Nf3 e6 3.Nc3 a6 4.d4 cxd4 5.Nxd4 Qc7 6.Bd3 Nf6 7.g4 d6 8.g5 Nfd7
9.f4 Nc6 10.Nb3 b5 11.a3 Bb7 12.Be3 Nc5 13.Qe2 Be7 14.h4 Nxd3+ 15.cxd3 O-O
16.h5 f5 17.exf5 Rxf5 18.Ne4 Qd7 19.O-O Raf8 20.Ng3 Rd5 21.d4 Bd8 22.Rad1 Bb6
23.Qg4 a5 24.Ne2 a4 25.Nbc1 Ne7 26.Na2 Rdf5 27.Ng3 Qc6 28.Nxf5 Nxf5 29.Qh3 Ne7  0-1

[Event "Glassy Stream Masters"]
[Site "Kharkiv UKR"]
[Date "2006.09.27"]
[Round "7"]
[White "Posokhov,D"]
[Black "Ogleznev,A"]
[Result "1-0"]
[WhiteElo "2273"]
[BlackElo "2207"]

1.e4 c5 2.Nf3 e6 3.d4 cxd4 4.Nxd4 a6 5.Nc3 Qc7 6.g3 Nf6 7.Bg2 Nc6 8.O-O Be7
9.Re1 d6 10.Nxc6 bxc6 11.e5 dxe5 12.Rxe5 O-O 13.Bf4 Rd8 14.Rd5 Rxd5 15.Nxd5 Qd8
16.Nxe7+ Qxe7 17.Bxc6 Ra7 18.Bd6 Qd8 19.Qd4 Rd7 20.Bxd7 Qxd7 21.Bc5 Qe8 22.Rd1 Bd7
23.Qd6 h6 24.Bd4 Nh7 25.Bc3 Bc6 26.Qd8 f6 27.Qxe8+ Bxe8 28.Rd6 Bb5 29.a4 Bxa4
30.Rxa6 Bxc2 31.Rxe6 Kf7 32.Re2 Bd3 33.Rd2 Be4 34.Rd7+ Ke6 35.Rxg7 Ng5 36.f4 Nf3+
37.Kf2 Nxh2 38.Ke3 f5 39.Kd4 Nf3+ 40.Kc5  1-0

[Event "XVI Gros Open"]
[Site "San Sebastian ESP"]
[Date "2006.09.27"]
[Round "7"]
[White "Aabling Thomsen,J"]
[Black "Paunovic,D"]
[Result "1/2-1/2"]
[WhiteElo "2271"]
[BlackElo "2506"]

1.e4 c5 2.Nf3 e6 3.Nc3 a6 4.d4 cxd4 5.Nxd4 Qc7 6.Bd3 Nf6 7.O-O d6 8.f4 Nbd7
9.Qf3 b5 10.Kh1 Bb7 11.a4 b4 12.Na2 Nc5 13.Re1 Nxa4 14.Nxb4 Nc5 15.Na2 Be7
16.Nc3 O-O 17.Qh3 Rfe8 18.f5 e5 19.Nf3 d5 20.Nd2 dxe4 21.Ndxe4 Ncxe4 22.Nxe4 Nxe4
23.Bxe4 Bxe4 24.Rxe4 Qxc2 25.Re1 Bf6 26.Qg4 e4 27.Ra3 e3 28.Raxe3 Rxe3 29.Bxe3 Re8
30.Qg3 h5 31.Bg1 Rd8 32.Qf3 Qxb2 33.Qxh5 a5 34.Re3 Qc1 35.Rh3 Kf8 36.Re3 Kg8
37.Rh3 Kf8 38.Re3 Kg8 39.Rh3  1/2-1/2

[Event "1st TCH-MNE"]
[Site "Herceg Novi MNE"]
[Date "2006.09.28"]
[Round "7"]
[White "Mijovic,S"]
[Black "Kontic,D"]
[Result "1/2-1/2"]
[WhiteElo "2167"]
[BlackElo "2375"]

1.e4 e6 2.d4 c5 3.Nf3 cxd4 4.Nxd4 a6 5.Nc3 Qc7 6.Be2 Nf6 7.O-O Nc6 8.Be3 Bb4
9.Na4 Be7 10.Nxc6 dxc6 11.Nb6 Rb8 12.Bd3 c5 13.Nxc8 Rxc8 14.c4 h5 15.h3 Rd8
16.Qe2 h4 17.Rad1 Nh5 18.Qg4 g6 19.f4 Ng3 20.Rfe1 Rd4 21.Bxd4 cxd4 22.a3 e5
23.fxe5 O-O 24.e6 Qe5 25.exf7+ Kg7 26.Qd7 Rxf7 27.Qd5 Qf4 28.Qxd4+ Bf6 29.Qe3 Qxe3+
30.Rxe3 Bxb2 31.Rf3 Rc7 32.a4 Bd4+ 33.Kh2 Be5 34.Kg1 Bd4+ 35.Kh2 Be5 36.Kg1  1/2-1/2

[Event "Bygger'n Masters"]
[Site "Gausdal NOR"]
[Date "2006.09.29"]
[Round "6"]
[White "Bentsen,O"]
[Black "Akesson,R"]
[Result "0-1"]
[WhiteElo "2216"]
[BlackElo "2449"]

1.e4 c5 2.Nf3 e6 3.d4 cxd4 4.Nxd4 a6 5.Nc3 d6 6.Be2 Nf6 7.O-O Be7 8.Be3 O-O
9.f3 b5 10.a4 b4 11.Na2 a5 12.c3 e5 13.Nb5 d5 14.exd5 Nxd5 15.Bf2 Nc6 16.Bc4 Nf4
17.g3 Nh3+ 18.Kg2 Nxf2 19.Rxf2 Bc5 20.Rd2 Qg5 21.Nd6 Bxd6 22.Rxd6 Ne7 23.Qd2 Qh5
24.Qf2 Nf5 25.Rd2 Qg5 26.Rd3 Bb7 27.Re1 Qg4 28.Bd5 Bxd5 29.Rxd5 Nh4+ 30.Kh1 Nxf3
31.Re3 e4 32.cxb4 axb4 33.b3 Ra6 34.Nxb4 Rh6 35.a5 f5 36.a6 f4 37.Rxf3 exf3
38.gxf4 Qxf4 39.Nd3 Qe4 40.Rd4 Qa8 41.Nc5 Rg6  0-1

[Event "Bygger'n Masters"]
[Site "Gausdal NOR"]
[Date "2006.09.29"]
[Round "6"]
[White "Holzke,F"]
[Black "Miezis,N"]
[Result "1/2-1/2"]
[WhiteElo "2472"]
[BlackElo "2527"]

1.e4 c5 2.Nf3 e6 3.d4 cxd4 4.Nxd4 a6 5.Nc3 Qc7 6.Bd3 Nc6 7.Be3 Nf6 8.O-O b5
9.Nxc6 dxc6 10.a4 Rb8 11.f4 e5 12.axb5 Ng4 13.Bd2 axb5 14.Qe1 h5 15.Nd1 exf4
16.Bxf4 Bd6 17.Qg3 Bxf4 18.Rxf4 h4 19.Qf3 Nxh2 20.Kxh2 g5 21.e5 gxf4 22.Qxf4 Rh5
23.Nf2 Qxe5 24.Re1 Qxe1 25.Ne4 Rb7 26.Nf6+ Kd8 27.Nxh5 Qe7 28.Kh1 Rd7 29.Qf2 Rd6
30.Ng7 Kc7 31.Qa7+ Bb7 32.Qf2 Bc8 33.Qa7+ Bb7 34.Qf2 Qd7 35.Nf5 Rd5 36.Ne3 Rd4
37.Nf5 Ra4 38.Qc5 Ra1+ 39.Kh2 Re1 40.Qc3 Qe6 41.Qa5+ Kb8 42.Nxh4 Qd6+ 43.g3 Rb1
44.Qa2 Rd1 45.Qxf7 c5 46.Be4 Rd2+ 47.Kh3 Qd7+ 48.Qxd7 Rxd7 49.Bxb7 Kxb7 50.g4 Kc6
51.g5 Kd5 52.Kg4 Ke6 53.Nf3 Ra7 54.b3 Ra1 55.c4 bxc4 56.bxc4 Rc1 57.g6 Rxc4+
58.Kg5 Rc3 59.Kf4 Rc4+ 60.Kg5 Rc1 61.Kf4 Kf6 62.Ke4 Rd1 63.Ke3 Rd8 64.Nd2 Kxg6
65.Ne4 c4 66.Kf4 Rd5 67.Nc3 Rd3 68.Ne2 Kf6 69.Ke4 Rd8 70.Nc3 Ke6 71.Ne2 Rd3
72.Nf4+ Kd6 73.Nxd3 cxd3 74.Kxd3  1/2-1/2

[Event "Glassy Stream Masters"]
[Site "Kharkiv UKR"]
[Date "2006.09.29"]
[Round "9"]
[White "Posokhov,D"]
[Black "Kucherenko,D"]
[Result "1/2-1/2"]
[WhiteElo "2273"]
[BlackElo "2334"]

1.e4 c5 2.Nf3 e6 3.d4 cxd4 4.Nxd4 a6 5.Nc3 Qc7 6.Bd3 Nc6 7.Nde2 d6 8.O-O Nf6
9.f4 Be7 10.Qe1 O-O 11.Qg3 b5 12.f5 Kh8 13.a3 Ne5 14.Nf4 exf5 15.Nfd5 Nxd5
16.Nxd5 Qd8 17.Nxe7 Qxe7 18.exf5 f6 19.Be4 d5 20.Bd3 Bb7 21.Bf4 Qc5+ 22.Kh1 Rfe8
23.Rae1 Nxd3 24.Qxd3 Qc4  1/2-1/2

[Event "Bygger'n Masters"]
[Site "Gausdal NOR"]
[Date "2006.10.01"]
[Round "8"]
[White "Hagen,Ande"]
[Black "Stubberud,O"]
[Result "0-1"]
[WhiteElo "1949"]
[BlackElo "2202"]

1.e4 c5 2.Nf3 e6 3.d4 cxd4 4.Nxd4 a6 5.Nc3 Qc7 6.Bd3 Nf6 7.O-O Bc5 8.Nb3 Be7
9.f4 d6 10.Qe2 Nbd7 11.Bd2 b5 12.Rae1 e5 13.Kh1 Bb7 14.Qf3 O-O 15.fxe5 Nxe5
16.Qg3 Kh8 17.Nd4 g6 18.Bh6 Rg8 19.Bg5 Nh5 20.Qh4 f6 21.Bc1 Rae8 22.Qh3 Bc8
23.Qe3 Ng4 24.Qg1 Qc5 25.Nd5 Bd8 26.b4 Qa7 27.Bb2 Bb7 28.Be2 Rxe4 29.Bf3 Rxe1
30.Rxe1 Ne5 31.Be4 f5 32.Bf3 Ng7 33.Qf1 Nxf3 34.Qxf3 Bf6 35.Nc6 Bxc6 36.Bxf6 Qf7
37.Bxg7+ Rxg7 38.Rd1 Bxd5 39.Rxd5 Qe6  0-1

[Event "Bygger'n Masters"]
[Site "Gausdal NOR"]
[Date "2006.10.02"]
[Round "9"]
[White "Pitl,G"]
[Black "Miezis,N"]
[Result "0-1"]
[WhiteElo "2380"]
[BlackElo "2527"]

1.e4 c5 2.Nf3 e6 3.d4 cxd4 4.Nxd4 a6 5.Nc3 Qc7 6.g3 Bb4 7.Bd2 Nf6 8.Bg2 Nc6
9.Nb3 h5 10.f4 d6 11.a3 Bxc3 12.Bxc3 e5 13.Qd3 Ke7 14.O-O-O Be6 15.Kb1 b5
16.fxe5 Nxe5 17.Qd2 Nc4 18.Bxf6+ gxf6 19.Qf2 Rac8 20.Rhf1 Rh6 21.Nd4 Qc5
22.Rd3 b4 23.Nf5+ Bxf5 24.Qxc5 dxc5 25.exf5 Ne5 26.Re1 a5 27.axb4 axb4 28.Rd5 Kf8
29.Re4 Kg7 30.Bf1 Rhh8 31.Be2 Rc7 32.Rh4 Ra8 33.Bxh5 c4 34.Rb5 Rca7 35.Kc1 Rd8
36.Kb1 Rda8 37.Kc1 Ra1+ 38.Kd2 Rd8+ 39.Ke3 Re1+ 40.Be2 c3 41.Kf2 Rc1 42.Rbxb4 Rxc2
43.bxc3 Nd3+ 44.Kf3 Nxb4 45.cxb4 Rd5 46.Rf4 Re5 47.Bf1 Rxh2 48.b5 Rb2 49.Kg4 Re3
50.Bc4 Rc3 51.Kh3 Kf8 52.Rg4 Rf3 53.Rd4 Rxf5 54.Rd7 Rh5+ 55.Kg4 Rc5 56.Bxf7 Rbxb5
57.Ba2 Rb4+ 58.Kf3 Rc3+  0-1

[Event "Corporacion del Sur A"]
[Site "Buenos Aires ARG"]
[Date "2006.10.03"]
[Round "2"]
[White "Felgaer,R"]
[Black "Hellsten,J"]
[Result "1/2-1/2"]
[WhiteElo "2591"]
[BlackElo "2592"]

1.e4 c5 2.Nf3 e6 3.d4 cxd4 4.Nxd4 a6 5.Nc3 Qc7 6.g3 Bb4 7.Ne2 Nf6 8.Bg2 Be7
9.Nf4 Nc6 10.g4 g5 11.Nd3 h5 12.h4 hxg4 13.Bxg5 d6 14.Qd2 Ne5 15.O-O-O Bd7
16.Kb1 O-O-O 17.Qe2 Bc6 18.Nb4 Kb8 19.Rd4 a5 20.Nxc6+ Nxc6 21.Rc4 Qb6 22.Ra4 Nd7
23.Be3 Nc5 24.h5 Bf6 25.Ra3 Bd4 26.Bxd4 Nxd4 27.Qxg4 Rdg8 28.Qh3 Nb5 29.Nxb5 Qxb5
30.Qc3 Rxh5 31.Rxh5 Rxg2 32.Qe1 Qb4 33.Rh8+ Kc7 34.Rh7 Qxe4 35.Qf1 Qe2 36.Qc1 Rxf2
37.Rh1 Kd8  1/2-1/2

[Event "Corporacion del Sur B"]
[Site "Buenos Aires ARG"]
[Date "2006.10.03"]
[Round "2"]
[White "Rodriguez,And URU"]
[Black "Quinteros,M"]
[Result "1-0"]
[WhiteElo "2496"]
[BlackElo "2488"]

1.e4 c5 2.Nc3 e6 3.Nf3 a6 4.d4 cxd4 5.Nxd4 d6 6.Be3 b5 7.Qd2 Nf6 8.f3 Bb7
9.g4 Be7 10.O-O-O Nfd7 11.Kb1 Nb6 12.Qf2 N8d7 13.h4 Rc8 14.g5 Rxc3 15.bxc3 Na4
16.Ne2 O-O 17.Bc1 Ndb6 18.Bg2 Qc7 19.f4 Qc4 20.Rh3 d5 21.f5 Qc7 22.h5 Nc4
23.Nd4 Ba3 24.Qe1  1-0

[Event "7th Veselin Boskovic Mem Op"]
[Site "Beograd SRB"]
[Date "2006.10.04"]
[Round "3"]
[White "Perunovic,Mil"]
[Black "Panic,Ne"]
[Result "1-0"]
[WhiteElo "2532"]
[BlackElo "2342"]

1.e4 c5 2.Nf3 e6 3.d4 cxd4 4.Nxd4 a6 5.Nc3 Qc7 6.Be2 Nf6 7.O-O Nc6 8.Be3 Bd6
9.Kh1 Bf4 10.Qd2 Bxe3 11.Qxe3 Qb6 12.Rfd1 Nxd4 13.e5 Qxb2 14.Rab1 Nf5 15.Qh3 Qxc2
16.exf6 gxf6 17.Rbc1 Qb2 18.Bd3 Ne7 19.Ne4 Qe5 20.f4 Qxf4 21.Rf1 Qe5 22.Nxf6+ Kd8
23.Qh4 b5 24.Ng4 Qg7 25.Nf6 Bb7 26.Be4 Bxe4 27.Qxe4 Rc8 28.Qb7 Rxc1 29.Qxd7+  1-0

[Event "Corporacion del Sur A"]
[Site "Buenos Aires ARG"]
[Date "2006.10.04"]
[Round "3"]
[White "Lujan,C"]
[Black "Felgaer,R"]
[Result "1/2-1/2"]
[WhiteElo "2419"]
[BlackElo "2591"]

1.e4 c5 2.Nf3 e6 3.d4 cxd4 4.Nxd4 a6 5.Nc3 b5 6.Bd3 Qb6 7.Nf3 Qc7 8.O-O Bb7
9.Re1 Be7 10.e5 f5 11.a4 b4 12.Na2 Nc6 13.Bd2 Nh6 14.c3 bxc3 15.Bxc3 a5 16.Rc1 Qb6
17.Bb5 Bc5 18.Re2 Ng4 19.Be1 Nd4 20.Nxd4 Bxd4  1/2-1/2

[Event "7th Veselin Boskovic Mem Op"]
[Site "Beograd SRB"]
[Date "2006.10.06"]
[Round "5"]
[White "Velickovic,Sa"]
[Black "Pucarevic,M"]
[Result "1-0"]
[WhiteElo "2397"]
[BlackElo "2228"]

1.e4 c5 2.Nf3 e6 3.d4 cxd4 4.Nxd4 a6 5.Nc3 Qc7 6.g3 Nf6 7.Bg2 Be7 8.O-O O-O
9.Be3 Nc6 10.a4 Ne5 11.h3 d6 12.Kh1 b6 13.g4 h6 14.f4 Nc4 15.Bc1 Nh7 16.b3 Na5
17.Nce2 Bb7 18.c4 Nc6 19.Nxc6 Bxc6 20.Nd4 Bb7 21.Qe2 Bf6 22.Bb2 Rfe8 23.Rad1 Rad8
24.Ba3 Bxd4 25.Rxd4 e5 26.Rd2 exf4 27.Rfd1 Ng5 28.Bxd6 Rxd6 29.Rxd6 f3 30.Bxf3 Nxf3
31.Rd7 Qg3 32.Qg2 Qxg2+ 33.Kxg2 Bxe4 34.Kg3 Kh7 35.Rxf7 Ng5 36.Ra7 Rf8 37.Rdd7 Rf3+
38.Kh2 Rxh3+ 39.Kg1 Rh1+ 40.Kf2 Rh2+ 41.Ke3 Rh3+ 42.Kf4 Rf3+ 43.Ke5 Bc2 44.Rxg7+ Kh8
45.Rgb7 Re3+ 46.Kd6 Re6+ 47.Kc7 Bxb3 48.c5 Bxa4 49.Rb8+ Kg7 50.cxb6 Nf7 51.Rc8 Rc6+
52.Kb7 Rxc8 53.Kxc8 Bc6 54.Kc7 Bf3 55.Rxa6 Ne5 56.Ra3 Bh1 57.Rh3 Ba8 58.Ra3 Bh1  1-0

[Event "Open"]
[Site "Winterthur SUI"]
[Date "2006.10.07"]
[Round "2"]
[White "Freuler,R"]
[Black "Klein,G"]
[Result "1-0"]
[WhiteElo "2084"]
[BlackElo "1975"]

1.e4 c5 2.Nf3 e6 3.d4 cxd4 4.Nxd4 a6 5.Nc3 Qc7 6.Be2 Nc6 7.O-O b5 8.a3 Bb7
9.Be3 Nf6 10.Nxc6 dxc6 11.Bf3 Be7 12.Qe2 O-O 13.a4 b4 14.Nb1 c5 15.Nd2 Rfd8
16.Rfd1 Bc6 17.b3 Qb7 18.Bf4 a5 19.Re1 Rd4 20.Be5 Rdd8 21.Nc4 Ne8 22.Bb2 Bf6
23.Ne5 Bxe5 24.Bxe5 f6 25.Bb2 Nd6 26.e5 Bxf3 27.gxf3 Nf5 28.exf6 Re8 29.fxg7 Nh4
30.Qe4 Nxf3+ 31.Kh1 Qf7 32.Re3 Nd2 33.Qg2 c4 34.Be5 Rad8 35.Rg1 Rd5 36.f4 Red8
37.Qh3 Rc5 38.Qxh7+ Kxh7 39.Rh3+ Qh5 40.Rxh5+ Kg8 41.Rh8+ Kf7 42.Rxd8  1-0

[Event "FSGM October"]
[Site "Budapest HUN"]
[Date "2006.10.08"]
[Round "2"]
[White "Papp,Ge"]
[Black "Fogarasi,T"]
[Result "1/2-1/2"]
[WhiteElo "2324"]
[BlackElo "2425"]

1.e4 c5 2.Nf3 e6 3.d4 cxd4 4.Nxd4 a6 5.Nc3 Qc7 6.g3 Nf6 7.Bg2 Be7 8.O-O d6
9.a4 Nc6 10.Nb3 b6 11.f4 Bb7 12.Be3 Nd7 13.f5 Nde5 14.fxe6 fxe6 15.Qh5+ g6
16.Qh3 Bc8 17.Nd4 Nxd4 18.Bxd4 h5 19.Rf2 Ng4 20.Qxg4 hxg4 21.Bxh8 Bb7 22.Bd4 b5
23.axb5 axb5 24.Rxa8+ Bxa8 25.Nxb5 Qa5 26.c4 Bc6 27.Nc3 Bg5 28.Rc2 Qb4 29.Bf1 Qb3
30.Bd3 e5 31.Bf2 Bd8 32.Kf1 Bb6 33.Bxb6 Qxb6 34.Nd5 Qd4 35.Rc3 Bxd5 36.cxd5 Ke7
37.Ke2 Qg1 38.Kd2 Qxh2+ 39.Be2 Qf2 40.Re3 Qg1 41.b4 Qa1 42.b5 Qd4+ 43.Bd3 Qb2+
44.Ke1 Kd8 45.Be2 Qc1+ 46.Kf2 Qc5 47.Bf1 Kc7 48.Be2 Kb6 49.Bf1 Qd4 50.Be2 Qa1
51.Rb3 Qd4+ 52.Re3 Qb2 53.Kf1 Qd4 54.Kf2 Kc5 55.Bxg4 Kxb5 56.Be2+ Kc5 57.Kf3 Qb2
58.Rd3 Qa1 59.Rd1 Qc3+ 60.Rd3 Qc1 61.Rd1 Qg5 62.Kf2 Qh6 63.Kg2 Qe3 64.Bf3 g5
65.g4 Kc4 66.Rf1 Kc3 67.Rf2 Kd4 68.Ra2 Qb3 69.Re2 Qb1 70.Kf2 Qb6 71.Rd2+ Kc3+
72.Ke2 Qb1 73.Rd1 Qb2+ 74.Ke3 Qb6+ 75.Ke2 Qb2+ 76.Ke3 Qb6+ 77.Ke2 Qb5+  1/2-1/2

[Event "WJun"]
[Site "Yerevan ARM"]
[Date "2006.10.08"]
[Round "6"]
[White "Filippov,An UZB"]
[Black "Stellwagen,D"]
[Result "1/2-1/2"]
[WhiteElo "2501"]
[BlackElo "2576"]

1.e4 c5 2.Nf3 e6 3.Nc3 a6 4.d4 cxd4 5.Nxd4 Qc7 6.g3 Bb4 7.Ne2 Nf6 8.Bg2 d6
9.O-O Nbd7 10.Bd2 Bc5 11.Na4 Ba7 12.Bb4 Nc5 13.Nxc5 Bxc5 14.Qd2 e5 15.Rad1 Be6
16.Bxc5 dxc5 17.Nc3 Rd8 18.Nd5 Bxd5 19.exd5 Qd6 20.Rfe1 O-O 21.c4 Nd7 22.f4 Rde8
23.fxe5 Rxe5 24.Bh3 f5 25.Rxe5 Nxe5 26.Qf4 g6 27.Re1 Re8 28.Re3 Kg7 29.Bf1 Qf6
30.h4 b6 31.Bh3 Re7 32.Qg5 h6 33.Qxf6+ Kxf6 34.Bf1 Nd7 35.Ra3 a5 36.Kf2 Re4
37.Be2 g5 38.hxg5+ hxg5 39.Rc3 Rd4 40.Rb3 Ke5 41.Re3+ Re4 42.Rb3 g4 43.Bd3 Rd4
44.Be2 a4 45.Re3+ Re4 46.Bd3 Rxe3 47.Kxe3 a3 48.bxa3 Nf6 49.d6 Nd7 50.Bb1 Nf6
51.Bc2 Kxd6 52.Bxf5 Ke5 53.Bc8 Ne4 54.Bxg4 Nxg3 55.Kd3 Ne4 56.Bf3 Nd6 57.Bg4 Kf4
58.Be6 Ke5 59.Bg4  1/2-1/2

[Event "WJun"]
[Site "Yerevan ARM"]
[Date "2006.10.08"]
[Round "6"]
[White "Kalashian,D"]
[Black "Pile,R"]
[Result "1/2-1/2"]
[WhiteElo "2381"]
[BlackElo "2290"]

1.e4 c5 2.Nc3 e6 3.Nf3 a6 4.d4 cxd4 5.Nxd4 b5 6.Be2 Bb7 7.Bf3 Qc7 8.O-O d6
9.a4 bxa4 10.Rxa4 Nd7 11.Re1 Be7 12.Nb3 Ne5 13.Na5 Bc8 14.Be2 Bd7 15.Ra1 Nf6
16.f4 Nc6 17.Nxc6 Bxc6 18.Bf3 O-O 19.g4 Bb7 20.g5 Nd7 21.Bg2 Rfe8 22.Be3 Nb6
23.Qc1 Bf8 24.Bf2 Rec8 25.Rd1 g6 26.Bd4 Nc4 27.Na4 Bg7 28.Bxg7 Kxg7 29.b3 Nb6
30.Qb2+ Kg8 31.c4 Nxa4 32.Rxa4 Rab8 33.Qd4 Rd8 34.Ra2 e5 35.Qf2 exf4 36.Qxf4 Re8
37.Rf2 Re5 38.Rd4 Rbe8 39.h4 Qe7 40.Qf6 Re6 41.Qxe7 R8xe7 42.Rf6 Re5 43.Rfxd6 a5
44.Rb6 Kg7 45.Rb5 Rxb5 46.cxb5 Re5 47.Bf1 Bxe4 48.b6 Re7 49.Rc4 Re6 50.Bh3 Rxb6
51.Rxe4 Rxb3 52.Bf1 Rb4 53.Bc4 a4 54.Rf4 Rb7 55.Ba2 Ra7 56.Kf2 a3 57.Rf3 h6
58.Kg3 hxg5 59.hxg5 Kf8 60.Kf4 Kg7 61.Ke4 Re7+ 62.Kd4 Rd7+ 63.Kc5 Rc7+ 64.Kd6 Ra7
65.Rf2 Ra6+ 66.Ke5 Ra5+ 67.Bd5 Ra7 68.Kd6 Kf8 69.Kc6 Kg7 70.Kb5 Rd7 71.Bc4 Re7
72.Kc6 Ra7 73.Bd5 Re7 74.Ba2 Ra7 75.Rf3 Re7 76.Kb6 Re5 77.Rxf7+ Kh8 78.Ra7 Rxg5
79.Kc6 Rg2 80.Bd5 Rd2 81.Kd6 a2 82.Ke5 a1=Q+ 83.Rxa1 Kg7 84.Rg1 Rf2 85.Be4 Rf6
86.Rb1 Ra6 87.Kf4 Kf6 88.Rb8 Rd6 89.Rb7 Ra6 90.Rd7 Rb6 91.Ra7 Rd6 92.Rc7 Re6
93.Bd5 g5+ 94.Kg4 Re7 95.Rc5 Ke5 96.Bf3+ Kd4 97.Rxg5 Re5 98.Rg8 Re7 99.Rd8+ Ke3
100.Kg3 Rg7+ 101.Bg4 Rf7 102.Re8+ Kd4 103.Bh5 Rf6 104.Kg4 Rf1 105.Kg5 Rf2
106.Rd8+ Ke5 107.Bg4 Rf1 108.Re8+ Kd4 109.Bf5 Rg1+ 110.Kf6 Ra1 111.Rd8+ Ke3
112.Rd3+ Kf4 113.Rd4+ Ke3 114.Re4+ Kf3 115.Rb4 Ke3 116.Be6 Ra5 117.Ke7 Ra6
118.Bc8 Rc6 119.Bb7 Rh6 120.Bd5 Ra6 121.Kd7 Rh6 122.Be6 Kd3 123.Kd6 Kc3 124.Rf4 Rg6
125.Kd5 Rg5+ 126.Bf5 Rg1 127.Kc5 Kd2 128.Kd4 Rg2 129.Be4 Rh2 130.Rf8 Ke1
131.Bd3 Rf2 132.Ra8 Kd2 133.Be4 Kd1 134.Kc3 Ke2 135.Kd4 Ke1 136.Ra3 Rd2+
137.Ke3 Re2+ 138.Kf4 Rf2+ 139.Bf3 Rb2 140.Rd3 Rd2 141.Re3+ Kf2 142.Be4 Re2
143.Rh3 Ke1 144.Bf3 Rf2 145.Kg3 Rb2 146.Rh8 Kd2 147.Kf4 Rb5 148.Rd8+ Kc3
149.Ke3 Kb4 150.Kd4 Ka5 151.Be2 Rb4+ 152.Kc3 Rb7 153.Rd6 Rc7+ 154.Bc4 Ra7  1/2-1/2

[Event "22nd ECU Club Cup"]
[Site "Feugen AUT"]
[Date "2006.10.09"]
[Round "2"]
[White "Grabher,H"]
[Black "Bernasek,J"]
[Result "0-1"]
[WhiteElo "2311"]
[BlackElo "2470"]

1.e4 c5 2.Nf3 e6 3.d4 cxd4 4.Nxd4 a6 5.Nc3 b5 6.g3 Bb7 7.Bg2 b4 8.Nce2 Nf6
9.O-O Bxe4 10.Bxe4 Nxe4 11.Nf4 Nf6 12.Qf3 Ra7 13.Be3 Rc7 14.Rad1 Qc8 15.Rfe1 Be7
16.Nf5 exf5 17.Bd4 Rc6 18.Bxf6 Rxf6 19.Rxe7+ Kxe7 20.Nd5+ Kd8 21.Nxf6 gxf6
22.Qxf5 Qc6 23.Qf4 Kc8 24.c3 bxc3 25.bxc3 Re8 26.Rb1 Re5 27.Qb4 Rb5 28.Qf8+ Kc7
29.Rxb5 axb5 30.Qxf7 Qxc3 31.Qxh7 Qa1+ 32.Kg2 Qxa2 33.Qf5 Qb2 34.h4 Qe5 35.Qg6 b4
36.h5 b3 37.h6 f5 38.Qg7 Nc6  0-1

[Event "22nd ECU Club Cup"]
[Site "Feugen AUT"]
[Date "2006.10.09"]
[Round "2"]
[White "Riff,JN"]
[Black "Volokitin,And"]
[Result "0-1"]
[WhiteElo "2445"]
[BlackElo "2645"]

1.e4 c5 2.Nf3 e6 3.d4 cxd4 4.Nxd4 a6 5.Nc3 Qc7 6.Be2 b5 7.O-O Bb7 8.Re1 Nc6
9.Nxc6 dxc6 10.e5 Rd8 11.Bd2 Ne7 12.Bd3 c5 13.Qe2 c4 14.Be4 b4 15.Nb1 Bxe4
16.Qxe4 Nd5 17.Bg5 Rb8 18.Nd2 c3 19.bxc3 bxc3 20.Nb3 Rb4 21.Qe2 Qc4 22.Qd1 Ra4
23.a3 h6 24.Bc1 Be7 25.f3 O-O 26.Re4 Qc6 27.Rxa4 Qxa4 28.Qe2 Rd8 29.Be3 Qc6
30.Kf1 Bg5 31.Bxg5 hxg5 32.Qe4 Qb5+ 33.Kf2 Nf4 34.Rb1 Rd5 35.Re1 Nd3+ 36.cxd3 Qxb3
37.Qc4 Qxa3 38.d4 Rb5 39.Kg3 Qb4  0-1